| 000 | 00805nam a2200241 a 4500 | ||
|---|---|---|---|
| 999 |
_c3177 _d3177 |
||
| 001 | 3177 | ||
| 003 | BD-JhCC | ||
| 005 | 20171112172208.0 | ||
| 008 | 171111s1985 bg |||| ||a| 000 0 ben d | ||
| 035 | _a(BD-JhCC) 3177 | ||
| 040 |
_aBD-JhCC _dBD-JhCC |
||
| 041 | _aben | ||
| 082 |
_a808.9 _bROS 1985 |
||
| 100 | _aরশিদ, মোহাম্মদ হারুন-উর | ||
| 245 |
_aসমালোচনা / _cমোহাম্মদ হারুন-উর রশিদ |
||
| 260 |
_aঢাকা : _bবাংলা একাডেমী ঢাকা , _c1985 |
||
| 300 |
_a84 p .: _c18 cm . |
||
| 490 | _aSeries in honour of the Martyrs of the Language Movement of February 1952. | ||
| 504 | _aIncludes Bibliography. | ||
| 650 | _aCriticl theories | ||
| 942 |
_2ddc _cBK |
||